000 00785nam a2200253Ia 4500
003 OSt
005 20220923224428.0
006 a|||||r|||| 00| 0
007 ta
008 220922b |||||||| |||| 00| 0 hin d
024 _a232,485
037 _cTextual
040 _aARTS
_cARTS
_bhin
041 _2hin
_ahin
082 _aO152,1v, N1
100 _aरामनरेश
_9156280
245 0 _aहिन्दी की मंचीय कविता
246 _aHindī kī hinchīya kavitā
260 _aकानपुर
_b विकास प्रकाशन
_c1991
300 _a268पृ.
_ccm.
650 _aहिन्दी साहित्य
_9156264
942 _hO152,1v, N1
_cTEXL
_2CC
999 _c371371
_d371371